Catalog

Record Details

Catalog Search



Available copies

  • 7 of 7 copies available at LARL/NWRL Consortium.

Current holds

0 current holds with 7 total copies.

Show Only Available Copies
Location Call Number / Copy Notes Barcode Shelving Location Status Due Date
Godel Memorial-Warren Library OKE (Text) 35500002445748 Main Available -
Greenbush Public Library OKE (Text) 35500002445508 Main Available -
Hallock Public Library OKE (Text) 35500002445755 Main Available -
Karlstad LINK Site OKE (Text) 35500005916182 Main Available -
Red Lake Falls Public Library OKE (Text) 35500002445516 Main Available -
Roseau Public Library OKE (Text) 35500002445490 Main Available -
Warroad Public Library C OKE (Text) 35500004369433 Main Available -

Record details

  • ISBN: 1556619529
  • Physical Description: 270 p. ; 22 cm.
  • Publisher: Minneapolis, Minn. : Bethany House Publishers, c1997.
Subject: Teenage girls > Fiction.
Grandmothers > Fiction.
Genre: Christian fiction.
LDR 01956cam a2200409 a 4500
00123754
003LARL_NWRL_CONSORTIUM
00519980811105555.0
008970513s1997 mnu 000 0 eng
015 . ‡aC98-11060-2
019 . ‡a37502714
020 . ‡a1556619529
035 . ‡a(OCoLC)36930750
08200. ‡a813/.54 ‡221
099 . ‡aOke
1001 . ‡aOke, Janette, ‡d1935- ‡0(LARL_NWRL_CONSORTIUM)2752
24514. ‡aThe tender years ‡n#1/ ‡cJanette Oke.
260 . ‡aMinneapolis, Minn. : ‡bBethany House Publishers, ‡cc1997.
300 . ‡a270 p. ; ‡c22 cm.
4900 . ‡aPrairie legacy ; ‡v1
650 0. ‡aTeenage girls ‡vFiction. ‡0(LARL_NWRL_CONSORTIUM)167625
650 0. ‡aGrandmothers ‡vFiction. ‡0(LARL_NWRL_CONSORTIUM)165417
655 0. ‡aChristian fiction.
901 . ‡a23754 ‡bOCLC ‡c23754 ‡tbiblio

Additional Resources